书目信息 |
| 题名: |
2010司法考试侵权责任法深度辅导与命题前瞻
|
|
| 作者: | 刘智慧, 编著 | |
| 分册: | ||
| 出版信息: | 北京 中国法制出版社 2010.02 |
|
| 页数: | 138页 | |
| 开本: | 20cm | |
| 丛书名: | ||
| 单 册: | ||
| 中图分类: | D923.04 | |
| 科图分类: | ||
| 主题词: | 侵权行为--民法--法律工作者--中国--资格考核--自学参考资料 | |
| 电子资源: | ||
| ISBN: | 978-7-5093-1733-4 | |
| 000 | 00803nam0 2200229 450 | |
| 001 | 012010610922 | |
| 005 | 20100526175258.39 | |
| 009 | 004434153 | |
| 010 | @a978-7-5093-1733-4@dCNY18.00 | |
| 100 | @a20100515d2010 em y0chiy0110 ea | |
| 101 | 0 | @achi |
| 102 | @aCN@b110000 | |
| 105 | @ay zq 000yy | |
| 200 | 1 | @a2010司法考试侵权责任法深度辅导与命题前瞻@A2010 si fa kao shi qin quan ze ren fa shen du fu dao yu ming ti qian zhan@e飞跃版@f刘智慧编著 |
| 210 | @a北京@c中国法制出版社@d2010.02 | |
| 215 | @a138页@d20cm | |
| 330 | @a本书分为四部分:考点法理梳理、重点法条深度解读、图表速记、强化自测等。 | |
| 606 | 0 | @a侵权行为@x民法@x法律工作者@y中国@x资格考核@j自学参考资料 |
| 690 | @aD923.04@v4 | |
| 701 | 0 | @a刘智慧,@Aliu zhi hui,@f1971-@4编著 |
| 801 | 0 | @aCN@c20100515 |
| 905 | @dD923.04@eL730@f3 | |
| 2010司法考试侵权责任法深度辅导与命题前瞻:飞跃版/刘智慧编著.-北京:中国法制出版社,2010.02 |
| 138页;20cm |
| ISBN 978-7-5093-1733-4:CNY18.00 |
| 本书分为四部分:考点法理梳理、重点法条深度解读、图表速记、强化自测等。 |
| ● |
| 相关链接 |
|
|
|
正题名:2010司法考试侵权责任法深度辅导与命题前瞻
索取号:D923.04/L730
 
预约/预借
| 序号 | 登录号 | 条形码 | 馆藏地/架位号 | 状态 | 备注 |
| 1 | 982599 | 209825992 | 社科库509/509社科库 91排7列2层/ [索取号:D923.04/L730] | 在馆 | |
| 2 | 982600 | 209826009 | 社科库509/509社科库 91排7列2层/ [索取号:D923.04/L730] | 在馆 | |
| 3 | 982601 | 209826018 | 社科库509/509社科库 91排7列2层/ [索取号:D923.04/L730] | 在馆 |